01228nam a2200313 i 4500001000300000003000400003005001700007008004100024015001700065040001400082041001800096080001300114080001600127100004000143245009400183260006000277300002600337490017100363546002500534650001800559650002600577650001000603650001600613658002000629658003700649658005100686830007900737856009800816bgBPK20191010143445.0020219s1977 pl |000 0 pol  aPB 1977/6800 aWA NcBPK0 apolbrusbeng a001(438) a351.85(438)1 aKnosala, Ernestd(1948-2012)eAutor10aZarządzanie badaniami naukowymi :bstudium z prawa administracyjnego /cErnest Knosala. aWarszawa ;aPoznań :bPańst. Wydaw. Naukowe,c1977. a144, [3] s. ;c20 cm.1 aMonografie i Studia / Ministerstwo Nauki, Szkolnictwa Wyższego i Techniki. Instytut Polityki Naukowej i Szkolnictwa Wyższego. Zakład Organizacji i Zarządzania. aStreszcz. ros., ang. 4aAdministracja 4aPrawo administracyjne 4aNauka 4aOrganizacja aNauka i badania aPrawo i wymiar sprawiedliwości aPolityka, politologia, administracja publiczna 0aMonografie i Studia - Instytut Polityki Naukowej i Szkolnictwa Wyższego. uhttp://koha.tu.koszalin.pl/cgi-bin/koha/opac-detail.pl?biblionumber=27022yKatalog online BPK